00719nam a22002297a 450000500170000001000130001702000150003003500130004503700320005808200100009010000220010024500720012225000120019426000490020627000420025530000290029749000420032650000530036865000170042165000250043865000260046320181023122825.0 aB-710623 a0070599408 aB-710623 bTata Mc Graw Hill Education a332.6 aChandra, Prasanna aInvestment analysis and portfolio management /cby Prasanna Chandra a2nd ed. aNew DelhibTata McGraw-Hill Publishingc2006 a7 West Patel NagarbNew Delhie110008 a688p.bill.c24 cm.(pbk) aCFM-MH professional series in finance aIncludes bibliographical references and indexes. aInvestments. aInvestment analysis. aPortfolio management.